000 01023nam a2200253Ia 4500
999 _c4811
_d4811
003 OSt
005 20200406190108.0
008 191128s1949 mx gr 001 0 spa d
040 _aCO-JMCR
_cCO-JMCR
041 1 _aspa
_heng
082 0 4 _a321.21 /
_bD611s
_221
100 1 _aDobb, Maurice,
_eautor
_92560
245 1 0 _aSalarios /
_cMaurice Dobb ; traducción Emigdio Martínez Adame
250 _aSegunda edición
260 _aMéxico :
_bFondo de Cultura Económica,
_c1949
300 _a196 páginas ;
_c19 cm.
490 0 _aObras de Economía
500 _aIncluye índice analítico.
505 0 _aSistema de salarios -- Los salarios y el patrón de vida -- El pago de salarios -- Las teorías de los salarios -- Los salarios y el poder de contratación -- Diferencias de salarios -- El sindicalismo y los salarios -- El estado y los salarios
546 _aTraducido del inglés
650 1 4 _aSalarios
_xeconomía Política
_92561
700 1 _aMartínez Adame, Emigdio,
_etraductor
_92562
942 _2ddc
_cBK